شعریات سے سیا سیات تک / (Record no. 108333)

MARC details
000 -LEADER
fixed length control field 00968nam a22002657a 4500
005 - DATE AND TIME OF LATEST TRANSACTION
control field 20170123162338.0
010 ## - LIBRARY OF CONGRESS CONTROL NUMBER
LC control number A-688367
020 ## - INTERNATIONAL STANDARD BOOK NUMBER
Terms of availability 51.00
035 ## - SYSTEM CONTROL NUMBER
System control number A-688367
037 ## - SOURCE OF ACQUISITION
Source of stock number/acquisition Cen Lib/Ret
040 ## - CATALOGING SOURCE
Original cataloging agency DPL
Language of cataloging UR
082 ## - DEWEY DECIMAL CLASSIFICATION NUMBER
Classification number 844
Item number غ ل ا
100 ## - MAIN ENTRY--PERSONAL NAME
Personal name غلام ربّانی تاباں
9 (RLIN) 113509
245 ## - TITLE STATEMENT
Title شعریات سے سیا سیات تک /
Statement of responsibility, etc غلام ربّانی تاباں ؛ مرتجم اجمل اجمالی
246 ## - VARYING FORM OF TITLE
Title proper/short title Shairiyat se siyasiyat tak /
Remainder of title by Ghulam rabbani Taban ; translated by Ajmal Ajmali
260 ## - PUBLICATION, DISTRIBUTION, ETC. (IMPRINT)
Place of publication, distribution, etc نیی دہلی
Name of publisher, distributor, etc مکتبہ جامہ لمیٹڈ
Date of publication, distribution, etc 1994
270 ## - ADDRESS
City نیی دہلی
Address جامہ نگر
Postal code 110025
300 ## - PHYSICAL DESCRIPTION
Extent 112p.
Dimensions 21cm(Hb)
650 ## - SUBJECT ADDED ENTRY--TOPICAL TERM
Topical term or geographic name as entry element ادب - اردو
9 (RLIN) 125486
650 ## - SUBJECT ADDED ENTRY--TOPICAL TERM
Topical term or geographic name as entry element اردو مضامین
9 (RLIN) 125487
650 ## - SUBJECT ADDED ENTRY--TOPICAL TERM
Topical term or geographic name as entry element Literaqture -- Urdu
9 (RLIN) 125488
650 ## - SUBJECT ADDED ENTRY--TOPICAL TERM
Topical term or geographic name as entry element Urdu articles
9 (RLIN) 125489
700 ## - ADDED ENTRY--PERSONAL NAME
Personal name اجمل اجمالی
9 (RLIN) 125490
942 ## - ADDED ENTRY ELEMENTS (KOHA)
Source of classification or shelving scheme Dewey Decimal Classification
Koha item type Urdu Bks
Classification part 844
Call number suffix غ ل ا
Holdings
Withdrawn status Lost status Damaged status Not for loan Home library Current library Date acquired Source of acquisition Cost, normal purchase price Total Checkouts Full call number Barcode Date last seen Copy number Cost, replacement price Price effective from Koha item type Source of classification or shelving scheme
        Central Library Central Library 18/01/2016 Cen Lib/Ret 51.00   844 غ ل ا A-688367 18/01/2016 1 51.00 18/01/2016 Urdu Bks  
        Central Library Central Library 12/10/2016 Cen Lib / Ret 51.00   844 غ ل ا A-842158 12/10/2016   51.00 12/10/2016 Urdu Bks Dewey Decimal Classification

© Delhi Public Library
Hit Counter
free hit counter